[Event "Southwest op U1600 65th"]
[Site "Houston"]
[Date "1999.09.06"]
[Round "6"]
[White "Buturovic, Boran"]
[Black "McDaniel, Harold"]
[Result "1-0"]
[WhiteElo "1491"]
[BlackElo "1523"]
[PlyCount "53"]
[EventDate "1999.09.04"]
[EventType "swiss"]
[EventRounds "6"]
[EventCountry "USA"]
[SourceTitle "EXT 2001"]
[Source "ChessBase"]
[SourceDate "2000.11.22"]
[SourceVersion "1"]
[SourceVersionDate "2000.11.22"]
[SourceQuality "1"]

1. e4 Nc6 2. Nf3 d6 3. d4 Bg4 4. Be2 e5 5. d5 Nce7 6. Be3 c6 7. c4 Ng6 8. 0-0 Nf4 9. Bxf4 exf4 10. Re1 Be7 11. Qd2 g5 12. Nc3 h6 13. e5 Bxf3 14. Bxf3 c5 15. exd6 Qxd6 16. Nb5 Qd7 17. d6 0-0-0 18. Qe2 Bf8 19. Nxa7+ Kb8 20. Nb5 Nf6 21. Qc2 Bxd6 22. Rad1 Rhe8 23. Rxe8 Nxe8 24. Qa4 f5 25. Qa7+ Kc8 26. Qa8+ Bb8 27. Na7+ 1-0